Obras [de Guillermo Soberón Acevedo] : en la educación superior /
Enregistré dans:
| Auteur principal: | |
|---|---|
| Format: | Livre |
| Langue: | espagnol |
| Publié: |
México :
El Colegio Nacional,
1997, c1997
|
| Sujets: | |
| Tags: |
Pas de tags, Soyez le premier à ajouter un tag!
|
MARC
| LEADER | 00000nam^a2200000^a^4500 | ||
|---|---|---|---|
| 001 | 000102231 | ||
| 005 | 20250521000000.0 | ||
| 009 | 20260310093304.991 | ||
| 020 | |a 970-640-095-8 | ||
| 037 | |a Acervo ITESO - Biblioteca | ||
| 041 | |a ESP | ||
| 082 | |a 868. |b OBR SOB V. 2 | ||
| 100 | |a Soberón Acevedo, Guillermo |e (autor) | ||
| 240 | 1 | 1 | |a [Obras de El Colegio Nacional] |
| 240 | 1 | 1 | |a [Obras de Guillermo Soberón Acevedo] |
| 245 | 1 | 0 | |a Obras [de Guillermo Soberón Acevedo] : |b en la educación superior / |c G. Soberón Acevedo. |
| 264 | 4 | |a México : |b El Colegio Nacional, |c 1997, c1997 | |
| 300 | |a 2 v. | ||
| 336 | |a texto |b txt |2 rdacontenido | ||
| 337 | |a sin mediación |b n |2 rdamedio | ||
| 338 | |a volumen |b nc |2 rdasoporte | ||
| 649 | |a XX | ||
| 650 | |a Ensayos Mexicanos | ||
| 650 | |a Educación Superior - |z México | ||
| 650 | |a Educación Pública - |z México | ||
| 650 | |a Literatura Científica, Profesional y Académica - |z México | ||
| 910 | |a Fondo General | ||
| 920 | |a Impresos - Libros | ||
| 930 | |a Colección General | ||
| 940 | |a Literatura | ||
| 905 | |a 101 | ||
| 901 | |a 0500037581 |b IT1 |c LIT |u 20250521 | ||
| 901 | |a 0500037578 |b IT1 |c LIT |u 20250521 | ||
| 902 | |a https://opac.biblio.iteso.mx/vufind/Record/000102231 | ||